000 00463nam a22001817a 4500
999 _c2439
_d2439
003 URS
005 20220114142136.0
008 200117s2008 ph |||| |||| 00| 0 eng d
020 _a9718460128
040 _cURS
_beng
_drda
050 1 4 _aPN 6120
_b.C227 2008
100 _aCanonigo,C.S
245 1 0 _aBooks of plays (drama)
_cC.S Canonigo
260 _aMetro Manila:
_bTCB Book Supply;
_c[2008]
300 _aiv 188 pages
_c17 cm
650 _aDrama
942 _2lcc
_cF